| 000 | 00480cam a2200205ua 4500 | ||
|---|---|---|---|
| 001 | 8883 | ||
| 005 | 20260515114409.0 | ||
| 008 | 150216n xxk |||gr||||Z||||||eng | ||
| 020 | _a9780415026802 | ||
| 040 | _cMAIN | ||
| 041 | _aeng | ||
| 082 | _a822.33 | ||
| 100 |
_aRidley, M. R., _eEditor. |
||
| 245 | 1 |
_aAntony and cleopatra _cEdited by M. R. Ridley |
|
| 250 | _a1st. | ||
| 260 |
_aLondon: _bRoutledge, _c2000. |
||
| 300 | _a284p. | ||
| 653 | _aEnglish drama | ||
| 942 | _cBK | ||
| 999 |
_c7970 _d7970 |
||